[Event "LXIV Campionato polacco"]
[Site "Opole POL"]
[Date "2007.02.10"]
[Round "2"]
[White "Socko, B."]
[Black "Bobras, P."]
[Result "1-0"]
[WhiteElo "2629"]
[BlackElo "2542"]
[PlyCount "104"]
[EventDate "2007.02.09"]
[Source "www.chesslib.no"]
[SourceDate "2004.05.04"]

1. d4 Nf6 2. c4 g6 3. Nc3 Bg7 4. e4 O-O 5. Nf3 d6 6. Be2 c5 7. O-O cxd4 8. Nxd4 Nc6 9. Be3 Bd7 10. f3 Nxd4 11. Bxd4 a5 12. b3 Bc6 13. Rc1 Nd7 14. Be3 Nc5 15. Qc2 Qb6 16. Rb1 Rfc8 17. Kh1 h5 18. Rfd1 Qb4 19. Bd2 Qb6 20. Bf1 Qd8 21. Be3 Qf8 22. Nd5 Bxd5 23. exd5 Bf6 24. Qf2 Qg7 25. g3 Rc7 26. h4 Qh8 27. Kh2 Kg7 28. Bh3 Rb8 29. Qe2 Qe8 30. Bd2 b5 31. cxb5 Rxb5 32. Bf1 Rb4 33. Bxb4 axb4 34. Qb5 Qa8 35. Qxb4 Qxa2+ 36. Qd2 Qa3 37. Bc4 Rb7 38. Kh3 Rb4 39. Qc2 Qa8 40. Re1 Qc8+ 41. Kg2 Na4 42. Rbc1 Nb6 43. Qd2 Qc5 44. Re4 Qa5 45. Be2 Ra4 46. Rd1 Qxd2 47. Rxd2 Ra1 48. Bb5 Rb1 49. Rd3 Rb2+ 50. Kf1 Rb1+ 51. Kf2 Rb2+ 52. Re2 Rb1 1-0

[Event "Mind Sports Games - Rapid Ind"]
[Site "Pechino CINA"]
[Date "2008.10.05"]
[Round "3"]
[White "Kryvoruchko, Y."]
[Black "Reinderman, D."]
[Result "1/2-1/2"]
[WhiteElo "2627"]
[BlackElo "2543"]
[PlyCount "68"]
[EventDate "2008.10.05"]
[Source "www.chesslib.no"]
[SourceDate "2004.05.04"]

1. e4 c5 2. Nf3 Nc6 3. d4 cxd4 4. Nxd4 g6 5. c4 Bg7 6. Be3 Nf6 7. Nc3 O-O 8. Be2 d6 9. O-O Bd7 10. Qd2 Nxd4 11. Bxd4 Bc6 12. f3 a5 13. Rab1 Nd7 14. Be3 Nc5 15. Rfc1 Qb6 16. b3 Rfc8 17. Rc2 Qd8 18. a3 h5 19. b4 axb4 20. axb4 Na4 21. Nd5 e6 22. Nf4 Nb6 23. Bf1 Ra3 24. Qf2 Na4 25. Rd2 Qe7 26. Rd3 Rxd3 27. Nxd3 b5 28. c5 Ra8 29. Rc1 dxc5 30. bxc5 Bc3 31. Bd4 b4 32. Bxc3 bxc3 33. Be2 Bb5 34. Nf4 Bxe2 1/2-1/2

[Event "Bundesliga 2003-4"]
[Site "Hamburg"]
[Date "2004.02.15"]
[Round "9"]
[White "Agrest, Evgenij"]
[Black "Hansen, Sune Berg"]
[Result "1/2-1/2"]
[WhiteElo "2616"]
[BlackElo "2551"]
[PlyCount "122"]
[EventDate "2004.01.01"]
[Source "Roberto Alvarez"]
[SourceDate "2004.02.16"]

1. c4 c5 2. Nf3 g6 3. d4 cxd4 4. Nxd4 Bg7 5. e4 Nc6 6. Be3 Nf6 7. Nc3 d6 8. Be2 O-O 9. O-O Bd7 10. Qd2 Nxd4 11. Bxd4 Bc6 12. f3 a5 13. b3 Nd7 14. Bf2 Nc5 15. Rab1 Qb6 16. Rfc1 Rfc8 17. Rc2 Qd8 18. Bf1 b6 19. Rd1 Ra7 20. Qe2 Qf8 21. Qe1 Rb7 22. Kh1 Be5 23. Be3 f5 24. exf5 Qxf5 25. Rcc1 Rf8 26. Bd4 Bxd4 27. Rxd4 Rf6 28. Rcd1 Re6 29. Qd2 Rb8 30. Ne2 Bb7 31. Rf4 Qe5 32. Nd4 Rf6 33. Rxf6 Qxf6 34. Qe3 Rf8 35. Kg1 Rf7 36. a3 Qe5 37. Qd2 Qf6 38. b4 axb4 39. axb4 Nd7 40. Qe3 Rf8 41. Be2 Qe5 42. Qd2 Qf6 43. Re1 Ne5 44. Rc1 Qf4 45. Qxf4 Rxf4 46. Ne6 Rf6 47. Nc7 Rf8 48. Ra1 Rc8 49. Nd5 Bxd5 50. cxd5 Rc2 51. Kf1 Nc4 52. Kf2 Rb2 53. Ra8+ Kg7 54. b5 g5 55. g3 Kf6 56. Rf8+ Kg7 57. Rc8 Na3 58. Rc6 Nc2 59. Rc4 Na3 60. Rc6 Nc2 61. Rc4 Na3 1/2-1/2

[Event "Bundesliga 9899"]
[Site "Germany"]
[Date "1998.11.22"]
[Round "4.2"]
[White "Krasenkow, Michal"]
[Black "Nielsen, Peter Heine"]
[Result "0-1"]
[WhiteElo "2660"]
[BlackElo "2505"]
[PlyCount "72"]
[EventDate "1998.10.17"]
[Source "ChessBase"]
[SourceDate "1999.07.01"]

1. c4 c5 2. Nf3 g6 3. e4 Bg7 4. d4 cxd4 5. Nxd4 Nc6 6. Be3 Nf6 7. Nc3 O-O 8. Be2 d6 9. O-O Bd7 10. Qd2 Nxd4 11. Bxd4 Bc6 12. Bd3 a5 13. Rfe1 Re8 14. Nd5 Nd7 15. Bxg7 Kxg7 16. Re3 e5 17. Be2 Bxd5 18. Qxd5 Nc5 19. Bg4 Ra6 20. Rd1 Rf8 21. Qd2 Qg5 22. Bh3 Rb8 23. Qe2 Qe7 24. b3 Rb6 25. Qb2 Rc6 26. f4 b5 27. cxb5 Rxb5 28. g3 Rb4 29. Bg2 a4 30. fxe5 dxe5 31. Rd5 axb3 32. axb3 Nd7 33. Bh3 Nf6 34. Rxe5 Qc7 35. Rd5 Rc2 36. Qe5 Qb6 0-1

[Event "Bonn GSK"]
[Site "Bonn"]
[Date "1994.??.??"]
[Round "2"]
[White "Dokhoian, Yury"]
[Black "Glek, Igor V"]
[Result "1/2-1/2"]
[WhiteElo "2570"]
[BlackElo "2590"]
[PlyCount "48"]
[EventDate "1994.??.??"]
[Source "ChessBase"]

1. Nf3 c5 2. c4 g6 3. d4 cxd4 4. Nxd4 Bg7 5. e4 Nc6 6. Be3 Nf6 7. Nc3 O-O 8. Be2 d6 9. O-O Bd7 10. Rc1 Nxd4 11. Bxd4 Bc6 12. f3 a5 13. b3 Nd7 14. Bxg7 Kxg7 15. Qd4+ f6 16. Rfd1 Nc5 17. Rb1 Qb8 18. Bf1 Rd8 19. Qe3 e5 20. Rd2 Ne6 21. Rbd1 b6 22. g3 Ra7 23. Bh3 Ng5 24. Bg2 Ne6 1/2-1/2

[Event "YUG-chT"]
[Site "?"]
[Date "1998.??.??"]
[Round "1"]
[White "Sakaev Konstantin"]
[Black "Baklan Vladimir"]
[Result "1-0"]
[WhiteElo "2620"]
[BlackElo "2540"]
[PlyCount "109"]
[EventDate "1998.??.??"]
[Source "www.chesslib.no"]
[SourceDate "2004.05.04"]

1. d4 Nf6 2. Nf3 g6 3. c4 c5 4. Nc3 cxd4 5. Nxd4 Nc6 6. e4 Bg7 7. Be3 O-O 8. Be2 d6 9. O-O Bd7 10. Qd2 a6 11. f3 Qb8 12. Nc2 Be6 13. Nd5 Nd7 14. Ncb4 Re8 15. Rac1 a5 16. Nd3 Bd4 17. Kh1 Bxe3 18. Nxe3 Qa7 19. f4 Nf6 20. Bf3 Nd4 21. Qf2 Nxf3 22. gxf3 Bd7 23. b3 Bc6 24. Kg1 Rac8 25. a4 Qb6 26. Rb1 Nd7 27. Rfd1 Nc5 28. Nc2 Bd7 29. Nxc5 Qxc5 30. Qxc5 Rxc5 31. Ne3 Bc6 32. f5 gxf5 33. Nxf5 Bd7 34. Ne3 f5 35. Nd5 fxe4 36. fxe4 Kh8 37. Rb2 Bc6 38. Rf2 e6 39. Nf6 Rg5+ 40. Kf1 Rd8 41. Rd3 Kg7 42. h4 Rg6 43. e5 d5 44. Nh5+ Kh8 45. Nf4 Rh6 46. h5 Rg8 47. cxd5 Bxd5 48. Nxd5 exd5 49. Rf5 Rd8 50. Kf2 Rb6 51. Ke3 Rb4 52. Rf4 Rxf4 53. Kxf4 Kg7 54. Kf5 d4 55. Ke4 1-0

[Event "Dubai (ol)"]
[Site "?"]
[Date "1986.??.??"]
[Round "?"]
[White "Nunn, J."]
[Black "Velimirovic, D."]
[Result "1-0"]
[WhiteElo "2590"]
[BlackElo "2570"]
[PlyCount "89"]
[EventDate "1986.??.??"]
[Source "ChessBase"]
[SourceDate "1986.07.01"]

1. e4 c5 2. Nf3 Nc6 3. d4 cxd4 4. Nxd4 g6 5. c4 Bg7 6. Be3 Nf6 7. Nc3 d6 8. Be2 Bd7 9. O-O O-O 10. Rc1 Nxd4 11. Bxd4 a5 12. Qd2 Bc6 13. f3 Nd7 14. Be3 Nc5 15. b3 Qb6 16. Nb5 Rfc8 17. Rfd1 Qd8 18. Nd4 Qf8 19. Rb1 Bf6 20. a3 Qg7 21. b4 axb4 22. axb4 Ne6 23. Nxe6 fxe6 24. b5 Be8 25. f4 Bf7 26. e5 dxe5 27. fxe5 Bxe5 28. c5 Bc3 29. Qd3 Qe5 30. Bf3 g5 31. Rb3 Rxc5 32. Bxc5 Qxc5+ 33. Kh1 Bf6 34. Bxb7 Rb8 35. Be4 Kg7 36. Rbb1 h6 37. Rdc1 Qa7 38. Rc6 Qf2 39. b6 Be5 40. g3 Qa2 41. Rc5 Bf6 42. b7 Bh5 43. Rc8 Be5 44. Qf1 Bf7 45. Qb5 1-0

[Event "RUS-ch 54th"]
[Site "Elista"]
[Date "2001.05.07"]
[Round "7"]
[White "Dvoirys, Semen I"]
[Black "Kobalija, Mihail"]
[Result "0-1"]
[WhiteElo "2568"]
[BlackElo "2590"]
[PlyCount "142"]
[EventDate "2001.04.29"]
[Source "ChessBase"]
[SourceDate "2001.07.05"]

1. e4 c5 2. Nf3 Nc6 3. d4 cxd4 4. Nxd4 g6 5. c4 Nf6 6. Nc3 d6 7. Be2 Bg7 8. Be3 O-O 9. O-O Nxd4 10. Bxd4 Bd7 11. Re1 Bc6 12. Qc2 a5 13. Rad1 Nd7 14. Bxg7 Kxg7 15. Bf1 Re8 16. Re3 Kg8 17. h4 a4 18. h5 Qa5 19. Nd5 Rad8 20. Qc1 e6 21. hxg6 fxg6 22. Rg3 Bxd5 23. exd5 e5 24. Bd3 e4 25. Be2 Nf6 26. Qe3 Kg7 27. Rc1 Re5 28. Rc3 Qb4 29. Qc1 Rde8 30. Bg4 Nxg4 31. Rxg4 R8e7 32. Rg5 e3 33. Rxe3 Rxe3 34. fxe3 Re4 35. b3 axb3 36. axb3 Qxb3 37. Qa1+ Kg8 38. Qa8+ Kf7 39. Rg3 Rxe3 40. Rxe3 Qxe3+ 41. Kh1 Qc1+ 42. Kh2 Qxc4 43. Qxb7+ Kf6 44. Qxh7 Qxd5 45. Qh8+ Kf5 46. Qc8+ Qe6 47. Qf8+ Qf6 48. Qc8+ Kg5 49. Qc6 Qe5+ 50. g3 d5 51. Qc1+ Kh5 52. Qd1+ Kh6 53. Kg2 d4 54. Qd2+ Kh5 55. Qd3 Kg5 56. Qd2+ Kf5 57. Kf2 Qe4 58. Qc1 d3 59. Qc8+ Kg5 60. Qd8+ Kg4 61. Qh4+ Kf5 62. Qd8 Qe2+ 63. Kg1 Qf3 64. Qd6 g5 65. Qd7+ Ke4 66. Qe7+ Kd4 67. Qb4+ Ke3 68. Qe1+ Qe2 69. Qc1+ Kf3 70. Qc6+ Kxg3 71. Qd6+ Kh3 0-1

[Event "LXI Lega superiore camp. russo"]
[Site "Novokuznetsk RUS"]
[Date "2008.09.13"]
[Round "10"]
[White "Sjugirov, S."]
[Black "Khismatullin, D."]
[Result "1/2-1/2"]
[WhiteElo "2545"]
[BlackElo "2613"]
[PlyCount "100"]
[EventDate "2008.09.03"]
[Source "www.chesslib.no"]
[SourceDate "2004.05.04"]

1. e4 c5 2. Nf3 Nc6 3. d4 cxd4 4. Nxd4 g6 5. c4 Bg7 6. Be3 Nf6 7. Nc3 O-O 8. Be2 b6 9. O-O Bb7 10. f3 e6 11. Ndb5 d5 12. cxd5 exd5 13. exd5 Ne7 14. d6 Nf5 15. Bf2 Ne8 16. d7 Nf6 17. Bd3 Qxd7 18. Bxf5 Qxf5 19. Nd6 Qd7 20. Nxb7 Qxb7 21. Qb3 Nh5 22. Ne4 Qc7 23. Rad1 Rac8 24. Bd4 Qc2 25. Qxc2 Rxc2 26. Bxg7 Kxg7 27. Rf2 Rfc8 28. Rdd2 Rc1+ 29. Rf1 Nf4 30. Nc3 Rxf1+ 31. Kxf1 Rc7 32. Kf2 h5 33. g3 Ne6 34. f4 Kf8 35. Kf3 Ke8 36. Nb5 Re7 37. Rd3 Nc5 38. Re3 Ne6 39. Ra3 a5 40. Rd3 Rd7 41. Rd6 Ke7 42. Rxd7+ Kxd7 43. Ke4 Kc6 44. Nd4+ Nxd4 45. Kxd4 f6 46. Ke4 Kc5 47. h3 b5 48. h4 Kd6 49. b3 f5+ 50. Kd4 b4 1/2-1/2

[Event "Reykjavik zt 1.3"]
[Site "Reykjavik"]
[Date "2000.09.10"]
[Round "2.4"]
[White "Hansen, Curt"]
[Black "Petursson, Margeir"]
[Result "0-1"]
[WhiteElo "2613"]
[BlackElo "2544"]
[PlyCount "108"]
[EventDate "2000.09.05"]
[Source "ChessBase"]
[SourceDate "2000.11.21"]

1. e4 c5 2. Nf3 Nc6 3. d4 cxd4 4. Nxd4 g6 5. c4 Nf6 6. Nc3 d6 7. Be2 Bg7 8. Be3 O-O 9. O-O Bd7 10. Qd2 Nxd4 11. Bxd4 Bc6 12. f3 a5 13. b3 Nd7 14. Be3 Nc5 15. Rab1 Qb6 16. Rfc1 Rfc8 17. Rc2 Qd8 18. Bf1 b6 19. Bg5 Ne6 20. Be3 Nc5 21. a3 Ra7 22. Qf2 Rb8 23. Nb5 Raa8 24. Nd4 Bd7 25. b4 axb4 26. axb4 Ra3 27. Ra2 Nd3 28. Qd2 Rxa2 29. Qxa2 Ra8 30. Qb3 Ne5 31. Nb5 Bxb5 32. cxb5 Rc8 33. Bf2 Qc7 34. Qa2 h5 35. Be3 Nd7 36. Qa3 Qc3 37. Qxc3 Rxc3 38. Bf2 Rc2 39. h4 Be5 40. g3 Kf8 41. Rb3 e6 42. Ra3 Rd2 43. Ra7 Ke8 44. Rc7 Bd4 45. Bxd4 Rxd4 46. Rc4 Rd2 47. f4 Nf6 48. Rc6 Nxe4 49. Rxb6 Nxg3 50. Bc4 d5 51. Bb3 Rb2 52. Ba4 Rxb4 53. Ra6 Ne2+ 54. Kf1 Nc3 0-1

[Event "Novgorod op"]
[Site "Novgorod"]
[Date "1999.03.23"]
[Round "5"]
[White "Kharlov, Andrei"]
[Black "Sorokin, Maxim"]
[Result "1/2-1/2"]
[WhiteElo "2600"]
[BlackElo "2551"]
[PlyCount "77"]
[EventDate "1999.03.19"]
[Source "ChessBase"]
[SourceDate "1999.05.10"]

1. c4 c5 2. Nf3 Nf6 3. Nc3 g6 4. d4 cxd4 5. Nxd4 Bg7 6. e4 O-O 7. Be2 Nc6 8. Be3 b6 9. O-O Bb7 10. Rc1 Nxd4 11. Bxd4 Bh6 12. f4 Nxe4 13. Bf3 Nxc3 14. Rxc3 Bxf3 15. Qxf3 e6 16. Rd1 Rc8 17. b3 d5 18. cxd5 Qxd5 19. Qxd5 exd5 20. g3 Rxc3 21. Bxc3 Rc8 22. Be1 Rd8 23. Rc1 Bf8 24. Rc7 a5 25. Kf1 d4 26. Ke2 d3+ 27. Kd1 Re8 28. Bc3 h5 29. a4 Bg7 30. Bxg7 Kxg7 31. Rb7 Re2 32. h4 Re6 33. Kd2 Rd6 34. Re7 Kf6 35. Re5 Rd4 36. Rb5 Rd6 37. Re5 Rd4 38. Rb5 Rd6 39. Re5 1/2-1/2

[Event "Niksic"]
[Site "Niksic"]
[Date "1978.??.??"]
[Round "6"]
[White "Portisch, Lajos"]
[Black "Velimirovic, Dragoljub"]
[Result "1-0"]
[WhiteElo "2630"]
[BlackElo "2520"]
[PlyCount "143"]
[EventDate "1978.06.??"]
[Source "ChessBase"]

1. Nf3 c5 2. c4 g6 3. e4 Nc6 4. d4 cxd4 5. Nxd4 Bg7 6. Be3 Nf6 7. Nc3 O-O 8. Be2 d6 9. O-O Nd7 10. Re1 Nc5 11. Bf1 Bd7 12. Rc1 Na4 13. Nxa4 Nxd4 14. Nc3 e5 15. Kh1 Bc6 16. Qd2 f5 17. exf5 Rxf5 18. Nd5 Rf7 19. Bxd4 exd4 20. g3 Qf8 21. f4 Kh8 22. Bg2 Re8 23. Rxe8 Qxe8 24. Re1 Qd8 25. Nb4 Bxg2+ 26. Kxg2 Re7 27. Nd5 Re8 28. Kf3 h5 29. h3 Rxe1 30. Qxe1 Qc8 31. Qf1 b5 32. b3 bxc4 33. bxc4 d3 34. Qxd3 Qxh3 35. Ne3 Kh7 36. f5 gxf5 37. Nxf5 Qg4+ 38. Kg2 Qg6 39. Qe4 Kh8 40. a4 Bf8 41. Qd5 Qe8 42. Kh3 Kh7 43. Qf3 Kg6 44. Nh4+ Kg7 45. Qf5 Qf7 46. Qg5+ Kh7 47. Nf5 Qxc4 48. Qxh5+ Kg8 49. Qg6+ Kh8 50. g4 Qe4 51. Qf6+ Kg8 52. Qg6+ Kh8 53. Qf7 Qh1+ 54. Kg3 Qe1+ 55. Kh2 Qe5+ 56. Kh3 Bg7 57. Qxa7 Bf6 58. Qb8+ Kh7 59. Qxd6 Qa1 60. Qd7+ Kg6 61. Qe8+ Kh7 62. Qe4 Qf1+ 63. Qg2 Qa1 64. Qe4 Qf1+ 65. Qg2 Qa1 66. g5 Bxg5 67. Qxg5 Qh1+ 68. Kg3 Qg1+ 69. Kf4 Qf1+ 70. Ke5 Qa1+ 71. Ke6 Qa2+ 72. Ke7 1-0

[Event "ADCF Masters"]
[Site "Abu Dhabi"]
[Date "2003.08.19"]
[Round "4"]
[White "Vladimirov, Evgeny"]
[Black "Ghaem Maghami, Ehsan"]
[Result "1-0"]
[WhiteElo "2606"]
[BlackElo "2544"]
[PlyCount "59"]
[EventDate "2003.08.16"]
[Source "Roberto Alvarez"]
[SourceDate "2003.09.01"]

1. d4 Nf6 2. Nf3 g6 3. c4 c5 4. Nc3 cxd4 5. Nxd4 Nc6 6. e4 Bg7 7. Be3 O-O 8. Be2 d6 9. O-O Bd7 10. Qd2 Nxd4 11. Bxd4 Bc6 12. f3 a5 13. Rad1 Nd7 14. Be3 Nc5 15. Rfe1 Qb6 16. Nb5 Rfc8 17. Bf1 a4 18. Qf2 Bxb5 19. cxb5 Qa5 20. Bd2 Qc7 21. Bb4 Qb6 22. e5 Bxe5 23. Rxe5 dxe5 24. Rd5 a3 25. Rxc5 Rxc5 26. Bxc5 axb2 27. Bxb6 b1=Q 28. Qc5 Qf5 29. Qxe7 Rxa2 30. Bc7 1-0

[Event "It Open"]
[Site "Corfu GRE"]
[Date "1993.??.??"]
[Round "?"]
[White "Kotronias, Vasilios"]
[Black "Rausis, Igors"]
[Result "1-0"]
[WhiteElo "2590"]
[BlackElo "2560"]
[PlyCount "83"]
[EventDate "1993.??.??"]
[Source "www.chesslib.no"]
[SourceDate "2004.05.04"]

1. e4 c5 2. Nf3 Nc6 3. d4 cxd4 4. Nxd4 g6 5. c4 Bg7 6. Be3 Nf6 7. Nc3 O-O 8. Be2 Nxd4 9. Bxd4 d6 10. O-O Bd7 11. Qd2 Bc6 12. f3 Nd7 13. Be3 a5 14. b3 Nc5 15. Rab1 Qb6 16. Nb5 Rfc8 17. Rfc1 Qd8 18. Rc2 h5 19. Bf1 Kh7 20. Qf2 Qf8 21. a3 Bh6 22. Bxh6 Qxh6 23. e5 Qf4 24. exd6 exd6 25. Qd2 Qxd2 26. Rxd2 Bxb5 27. cxb5 Rd8 28. Bc4 Rd7 29. Rbd1 Rad8 30. b6 Kg7 31. Bb5 Re7 32. Bc4 Rc8 33. Rxd6 a4 34. b4 Nb3 35. Bb5 Rc2 36. Rd7 Re5 37. Bd3 Ra2 38. Bc4 Rg5 39. g3 h4 40. g4 Rc2 41. Bxf7 Kh6 42. Bg8 1-0

[Event "Komotini GP"]
[Site "Komotini"]
[Date "1993.??.??"]
[Round "9"]
[White "Kotronias, Vasilios"]
[Black "Petursson, Margeir"]
[Result "1/2-1/2"]
[WhiteElo "2590"]
[BlackElo "2560"]
[PlyCount "97"]
[EventDate "1993.08.??"]
[Source "www.chesslib.no"]
[SourceDate "2004.05.04"]

1. e4 c5 2. Nf3 Nc6 3. d4 cxd4 4. Nxd4 g6 5. c4 Nf6 6. Nc3 d6 7. Be2 Bg7 8. Be3 O-O 9. O-O Bd7 10. Qd2 Nxd4 11. Bxd4 Bc6 12. f3 a5 13. b3 Nd7 14. Be3 Nc5 15. Rab1 Qb6 16. Nb5 Rfc8 17. Rfc1 Qd8 18. Rc2 Qf8 19. Bf1 Be5 20. Nc3 b6 21. Nd5 Qd8 22. Bg5 Ra7 23. Bh4 Rb8 24. Re1 Bxd5 25. exd5 Qd7 26. f4 Bf6 27. Bxf6 exf6 28. Rc3 Re8 29. Rce3 Raa8 30. Bd3 Kf8 31. Bc2 Rxe3 32. Qxe3 Re8 33. Qxe8+ Qxe8 34. Rxe8+ Kxe8 35. Kf2 f5 36. Ke3 Kd8 37. Kd4 Nd7 38. a3 Nf6 39. b4 axb4 40. axb4 Ke7 41. Bd1 Kd7 42. Bf3 Kc7 43. Be2 Kd7 44. Bf3 Kc7 45. Kd3 Kd7 46. Ke3 Ke7 47. Kd4 Kd7 48. Bd1 Ke7 49. Bf3 1/2-1/2

[Event "TCh-RUS"]
[Site "Togliatti"]
[Date "2003.05.18"]
[Round "3"]
[White "Popov, Valerij"]
[Black "Timofeev, Artyom"]
[Result "1/2-1/2"]
[WhiteElo "2570"]
[BlackElo "2577"]
[PlyCount "48"]
[EventDate "2003.05.16"]
[Source "Roberto Alvarez"]
[SourceDate "2003.05.26"]

1. Nf3 c5 2. c4 Nf6 3. d4 cxd4 4. Nxd4 g6 5. Nc3 Bg7 6. e4 Nc6 7. Be3 O-O 8. Be2 d6 9. O-O Bd7 10. Qd2 Nxd4 11. Bxd4 Bc6 12. Bd3 e6 13. Rad1 Qc7 14. b4 b6 15. Rc1 Qe7 16. Rfe1 Rac8 17. Rcd1 Rfd8 18. Qb2 Qf8 19. Nd5 exd5 20. Bxf6 dxe4 21. Bxe4 Bxe4 22. Bxg7 Qxg7 23. Qxg7+ Kxg7 24. Rxe4 Re8 1/2-1/2

[Event "BL2-West 0102"]
[Site "Germany"]
[Date "2001.11.25"]
[Round "3.1"]
[White "Chuchelov, Vladimir"]
[Black "Reinderman, Dimitri"]
[Result "1/2-1/2"]
[WhiteElo "2607"]
[BlackElo "2537"]
[PlyCount "44"]
[EventDate "2001.10.07"]
[Source "ChessBase"]
[SourceDate "2002.07.08"]

1. Nf3 c5 2. c4 g6 3. d4 cxd4 4. Nxd4 Bg7 5. e4 Nc6 6. Be3 Nf6 7. Nc3 O-O 8. Be2 d6 9. O-O Bd7 10. Qd2 Nxd4 11. Bxd4 Bc6 12. f3 a5 13. b3 Nd7 14. Be3 Nc5 15. Rab1 e6 16. Rfd1 Be5 17. Bf1 Qe7 18. Bh6 Rfd8 19. Bg5 Bf6 20. Be3 Be5 21. Bg5 Bf6 22. Be3 Be5 1/2-1/2

[Event "6. EICC"]
[Site "?"]
[Date "2005.06.28"]
[Round "10"]
[White "Gagunashvili Merab"]
[Black "Minasian Artashes"]
[Result "1/2-1/2"]
[WhiteElo "2547"]
[BlackElo "2597"]
[PlyCount "162"]
[EventDate "2005.??.??"]
[Source "www.chesslib.no"]
[SourceDate "2004.05.04"]

1. d4 Nf6 2. Nf3 g6 3. c4 c5 4. Nc3 Bg7 5. e4 d6 6. Be2 O-O 7. O-O cxd4 8. Nxd4 Nc6 9. Be3 Bd7 10. Nc2 Rc8 11. f3 Be6 12. Qd2 Nd7 13. Rac1 Qa5 14. b4 Qd8 15. Nd5 Nb6 16. f4 Nb8 17. Nd4 Bxd5 18. exd5 N8d7 19. Bd3 Nf6 20. h3 Nbd7 21. a3 a5 22. Rfe1 axb4 23. axb4 Ra8 24. Bf2 Re8 25. Ra1 Nf8 26. Rxa8 Qxa8 27. Nb5 Qd8 28. Bf1 Qd7 29. Bd4 e6 30. dxe6 Rxe6 31. Rxe6 Nxe6 32. Bxf6 Bxf6 33. Qxd6 Qxd6 34. Nxd6 Bc3 35. b5 Bd4+ 36. Kh2 Nc5 37. g3 Kf8 38. Bg2 b6 39. Bd5 f6 40. Kg2 Na4 41. Kf3 Bc5 42. Ne4 Be7 43. g4 Kg7 44. Ke3 Nc5 45. Nc3 f5 46. gxf5 Bf6 47. Ne2 gxf5 48. Bf3 Bb2 49. Kd2 Kg6 50. h4 h6 51. h5+ Kf7 52. Bd5+ Ke7 53. Bg2 Ke6 54. Ng3 Kf6 55. Bd5 Bd4 56. Ne2 Bf2 57. Nc3 Bd4 58. Na2 Nd7 59. Nb4 Bc5 60. Nd3 Bd6 61. Ke3 Nc5 62. Nc1 Bc7 63. Ne2 Bd6 64. Nc3 Kg7 65. Bc6 Ne6 66. Nd5 Nc7 67. Nc3 Ne6 68. Ne2 Kf6 69. Bd5 Ke7 70. Kf3 Ng7 71. Ng3 Kf6 72. Bg8 Bc5 73. Bh7 Bb4 74. Bg6 Bd6 75. Nf1 Ne6 76. Ne3 Nd4+ 77. Kg2 Bc5 78. Nd5+ Ke6 79. Ne3 Kf6 80. Kf1 Ke6 81. Nd5 Nb3 1/2-1/2

[Event "TCh-FRA Nat1 GpA"]
[Site "Evry"]
[Date "2004.02.01"]
[Round "3"]
[White "Vallejo Pons, Francisco"]
[Black "Rausis, Igors"]
[Result "1-0"]
[WhiteElo "2663"]
[BlackElo "2479"]
[PlyCount "127"]
[EventDate "2004.01.30"]
[Source "Roberto Alvarez"]
[SourceDate "2004.02.09"]

1. e4 c5 2. Nf3 Nc6 3. d4 cxd4 4. Nxd4 g6 5. c4 Bg7 6. Nc3 Nf6 7. Be3 O-O 8. Be2 d6 9. O-O Bd7 10. Qd2 Nxd4 11. Bxd4 Bc6 12. f3 a5 13. b3 Nd7 14. Be3 Nc5 15. Rab1 Qb6 16. Rfc1 Rfc8 17. Rc2 Qd8 18. a3 Be5 19. Bf1 b6 20. Bf2 Ra7 21. Qe3 Rb7 22. b4 axb4 23. axb4 Ne6 24. Ra2 Bd4 25. Qd2 Bxf2+ 26. Qxf2 Nc7 27. Rd1 Qf8 28. Nd5 b5 29. c5 dxc5 30. bxc5 e5 31. Nb6 Rd8 32. Rxd8 Qxd8 33. Rd2 Qe8 34. Nd5 Kg7 35. Qh4 Nxd5 36. exd5 Rd7 37. d6 Ra7 38. Qb4 f6 39. Rb2 Ra4 40. Qb3 Ra1 41. Kf2 Ra5 42. Bd3 Qa8 43. Bc2 Qa7 44. Qb4 Ra1 45. h4 Rc1 46. Kg3 Ra1 47. Bb3 Qd7 48. Bc2 Qa7 49. Rb1 Rxb1 50. Bxb1 Qa4 51. Qd2 f5 52. d7 Qf4+ 53. Qxf4 exf4+ 54. Kxf4 Bxd7 55. Ke5 b4 56. Kd6 Bb5 57. Ba2 g5 58. hxg5 Kg6 59. f4 Kh5 60. Be6 Ba4 61. Bxf5 b3 62. Bxh7 b2 63. Bb1 Bb5 64. c6 1-0

[Event "Liepaja rap"]
[Site "Liepaja"]
[Date "2001.08.02"]
[Round "3"]
[White "Shabalov, Alexander"]
[Black "Wojtkiewicz, Aleksander"]
[Result "0-1"]
[WhiteElo "2574"]
[BlackElo "2568"]
[PlyCount "63"]
[EventDate "2001.08.02"]
[Source "ChessBase"]
[SourceDate "2001.11.13"]

1. e4 c5 2. Nf3 g6 3. d4 cxd4 4. Nxd4 Nc6 5. c4 Bg7 6. Be3 Nf6 7. Nc3 O-O 8. Be2 d6 9. O-O Bd7 10. Qd2 Nxd4 11. Bxd4 Bc6 12. f3 a5 13. Kh1 a4 14. b4 axb3 15. axb3 Nd7 16. Bxg7 Kxg7 17. b4 Nf6 18. Qd4 Kg8 19. f4 Rxa1 20. Rxa1 e5 21. Qe3 exf4 22. Qxf4 Qe7 23. Bf3 Re8 24. b5 Nxe4 25. bxc6 Nxc3 26. Rf1 bxc6 27. Bxc6 Rc8 28. Bf3 Qe6 29. Bg4 f5 30. Bf3 Rxc4 31. Qg5 Nb5 32. Ra1 0-1

[Event "Elgoibar"]
[Site "Elgoibar"]
[Date "1998.11.28"]
[Round "8"]
[White "Korneev, Oleg"]
[Black "Georgiev, Vladimir"]
[Result "0-1"]
[WhiteElo "2600"]
[BlackElo "2540"]
[PlyCount "120"]
[EventDate "1998.11.11"]
[Source "ChessBase"]
[SourceDate "1999.04.01"]

1. e4 c5 2. Nf3 Nc6 3. d4 cxd4 4. Nxd4 g6 5. c4 Bg7 6. Be3 Nf6 7. Nc3 O-O 8. Be2 d6 9. O-O Bd7 10. Qd2 Nxd4 11. Bxd4 Bc6 12. f3 a5 13. b3 Nd7 14. Be3 Nc5 15. Rab1 b6 16. Nd5 Re8 17. a3 e6 18. Nf4 a4 19. b4 Nb3 20. Qe1 d5 21. Rd1 d4 22. Bf2 f5 23. Bd3 Be5 24. Bg3 Qc7 25. Ne2 fxe4 26. fxe4 Rf8 27. Rf3 Kg7 28. Bxe5+ Qxe5 29. Qh4 Rf6 30. Rxf6 Qxf6 31. Qg3 e5 32. Rf1 Qe7 33. Rd1 Rf8 34. Kh1 h5 35. Ng1 h4 36. Qe1 Bd7 37. h3 Qf6 38. Qe2 Qf4 39. Rf1 Qxf1 40. Qxf1 Rxf1 41. Bxf1 Nd2 42. Bd3 Kf6 43. Kh2 Bc6 44. Nf3 Nxe4 45. Nxh4 g5 46. Nf3 Nf2 47. Bf1 Bxf3 48. Kg3 d3 49. Kxf3 d2 50. Be2 d1=Q 51. Bxd1 Nxd1 52. g3 Nb2 53. c5 bxc5 54. bxc5 Nc4 55. c6 Ke6 56. h4 gxh4 57. gxh4 Nxa3 58. c7 Kd7 59. h5 Nc4 60. h6 Nd6 0-1

[Event "NED-chT"]
[Site "Amsterdam NED"]
[Date "2000.02.05"]
[Round "1"]
[White "Ftacnik, L."]
[Black "Reinderman, D."]
[Result "1/2-1/2"]
[WhiteElo "2579"]
[BlackElo "2561"]
[PlyCount "140"]
[EventDate "2000.02.05"]
[Source "www.chesslib.no"]
[SourceDate "2004.05.04"]

1. d4 Nf6 2. Nf3 g6 3. c4 Bg7 4. Nc3 O-O 5. e4 d6 6. Be2 c5 7. O-O cxd4 8. Nxd4 Nc6 9. Be3 Bd7 10. Qd2 Nxd4 11. Bxd4 Bc6 12. f3 a5 13. b3 Nd7 14. Be3 Nc5 15. Rab1 Qb6 16. Rfc1 Rfc8 17. Rc2 Qd8 18. Bf1 Be5 19. g3 h5 20. Bg2 Kh7 21. Ne2 b6 22. Nd4 Bb7 23. Re1 Bg7 24. Bh3 Rcb8 25. Rd1 Qf8 26. Qe2 Bf6 27. Nb5 Bc6 28. Nd4 Bb7 29. Rcd2 Rd8 30. Nb5 Bc6 31. Nc7 Rab8 32. Nd5 Bxd5 33. Rxd5 e6 34. R5d2 Qe7 35. Bg2 h4 36. f4 e5 37. f5 hxg3 38. hxg3 Bg5 39. Rf1 Kg7 40. Qf3 Bxe3+ 41. Qxe3 Qf6 42. fxg6 Qxg6 43. Rdf2 Rb7 44. Rf6 Qxf6 45. Rxf6 Kxf6 46. Qh6+ Ke7 47. Qg5+ Ke8 48. Qf6 Ne6 49. Bh3 Re7 50. Bf5 Kd7 51. g4 Rde8 52. g5 Kc7 53. Kf2 Nc5 54. Ke3 Nd7 55. Qh6 Rg8 56. Kd2 Ree8 57. Kc3 Kc6 58. a3 Ref8 59. Qh3 Rd8 60. Qh5 Rg7 61. b4 Kc7 62. Kb3 Rdg8 63. Ka4 axb4 64. axb4 Rxg5 65. Qxf7 R5g7 66. Qe6 b5+ 67. Kxb5 Rb8+ 68. Ka5 Ra8+ 69. Kb5 Rb8+ 70. Ka5 Ra8+ 1/2-1/2